Flexible citizenship : the cultural logics of transnationality /
保存先:
| 第一著者: | |
|---|---|
| フォーマット: | 不明 |
| 言語: | English |
| 出版事項: |
Durham :
Duke University Press,,
1999.
|
| 主題: | |
| タグ: |
タグ追加
タグなし, このレコードへの初めてのタグを付けませんか!
|
MARC
| LEADER | 000000000a22000000004500 | ||
|---|---|---|---|
| 001 | 013122 | ||
| 020 | |a 0822322501 | ||
| 041 | 0 | |a eng | |
| 082 | 0 | 4 | |a 303.482 |b O58f |
| 100 | 1 | |a Ong, Aihwa | |
| 245 | 1 | 0 | |a Flexible citizenship : |b the cultural logics of transnationality / |c Aihwa Ong. |
| 260 | 1 | |a Durham : |b Duke University Press,, |c 1999. | |
| 300 | |a ix, 322 páginas ; |c 24 cm. | ||
| 650 | 4 | |a CHINO | |
| 650 | 4 | |a EXTRANJERO | |
| 650 | 4 | |a LA ASIMILACION CULTURAL | |
| 650 | 4 | |a COMUNICACION INTERCULTURAL | |
| 650 | 4 | |a ASIA | |
| 650 | 4 | |a LAS RELACIONES CULTURALES | |
| 500 | |a Colección George Yúdice | ||
| 999 | |c 19062 |d 19062 | ||
| 942 | |c BK |h 303.482 O58f |2 z | ||



